书目信息 |
| 题名: |
基督教哲学1500年
|
|
| 作者: | 赵敦华 著 | |
| 分册: | ||
| 出版信息: | 北京 人民出版社 1994.08 |
|
| 页数: | 700页 | |
| 开本: | 32开 | |
| 丛书名: | ||
| 单 册: | ||
| 中图分类: | B978 | |
| 科图分类: | ||
| 主题词: | 基督教 | |
| 电子资源: | ||
| ISBN: | 7-01-001956-8 | |
| 000 | 00536nam0 2200193 45 | |
| 001 | 1009060319 | |
| 005 | 20100906033129.1 | |
| 010 | @a7-01-001956-8@d31.00元 | |
| 100 | @a20100906d1994 km y0chiy0120 ea | |
| 101 | 0 | @achi |
| 105 | @a z 000yy | |
| 200 | 1 | @a基督教哲学1500年@AJi Du Jiao Zhe Xue 1500 Nian@f赵敦华著@FZhao Dun Hua Zhu |
| 210 | @a北京@c人民出版社@d1994.08 | |
| 215 | @a700页@d32开 | |
| 606 | 0 | @a基督教 |
| 690 | @aB978@v3 | |
| 701 | 0 | @a赵敦华@4著 |
| 801 | @aCN@bPftUser@c20100906 | |
| 905 | @b128318-322@dB978@eZH316@f5 | |
| 基督教哲学1500年/赵敦华著.-北京:人民出版社,1994.08 |
| 700页;32开 |
| ISBN 7-01-001956-8:31.00元 |
| ● |
| 相关链接 |
|
|
|
正题名:基督教哲学1500年
索取号:B978/ZH316
 
预约/预借
| 序号 | 登录号 | 条形码 | 馆藏地/架位号 | 状态 | 备注 |
| 1 | 128318 | 201283182 | 自科二线400A/400A自科库 12排1列6层/ [索取号:B978/ZH316] | 在馆 | |
| 2 | 128319 | 201283191 | 自科二线400A/400A自科库 12排1列4层/ [索取号:B978/ZH316] | 在馆 | |
| 3 | 128320 | 201283208 | 自科二线400A/400A自科库 13排2列6层/ [索取号:B978/ZH316] | 在馆 | |
| 4 | 128321 | 201283217 | 自科二线400A/400A自科库 12排1列6层/ [索取号:B978/ZH316] | 在馆 | |
| 5 | 128322 | 201283226 | 自科二线400A/400A自科库 12排1列6层/ [索取号:B978/ZH316] | 在馆 |